Vida nova
Descripción Física:
32 cm
Materias:
Maresme (Catalunya) -- Revistes
MARC
| LEADER | 00000nam a2200000Ia 4500 | ||
|---|---|---|---|
| 001 | |||
| 008 | 160829s1922 xx 000 0 cat d | ||
| 080 | |a 3736, exp. 2 | ||
| 245 | |a Vida nova | ||
| 260 | |a Pineda : |b [s.n.] ; Barcelona : |b J. Horta, |c 1922 | ||
| 300 | |a 32 cm | ||
| 590 | |a Setmanal. | ||
| 590 | |a Número extraordinari de la publicació 'Vida nova: setmanari nacionalista' (1916-1922), on apareix una fotografia de la Biblioteca Popular de Pineda | ||
| 651 | 0 | |a Maresme (Catalunya) |v Revistes |9 69945 | |
| 866 | |a 1922 (extraordinari: 25 juny) | ||
| 901 | |a Arxiu | ||
| 942 | |n 1 | ||
| 952 | |0 0 |1 0 |4 0 |6 3736_EXP_2 |7 1 |9 51526 |a Arxiu |b Arxiu |d 2016-12-01 |l 0 |o 3736, exp. 2 |r 2016-12-01 00:00:00 |w 2016-12-01 |y ARXIU | ||
| 999 | |c 55371 |d 55371 | ||